{"text_format":"3","workbook":"xlsx","n_sheets":1,"sheets":["t531"],"read":"whole","date_system":"1900"}

{"sheet":"t531","index":0,"n_rows":170,"n_cols":7,"rows_kept":170,"merged":[[0,0,0,6],[30,0,30,5],[47,0,47,5],[150,0,150,5]]}
["TABELA 531.1 - Estatísticas Agrícolas, Município de Santo Antônio do Aracanguá, Estado de São Paulo, 2007/08."]
["ITEM","UNIDADE","N.DE UPAs","MÍNIMO","MÉDIO","MÁXIMO","TOTAL"]
["Distância à sede do município","km",551,0.1,{"v":18.32,"d":"18.3"},{"v":50,"d":"50.0"},"-"]
["Área total","hectare",551,0.5,{"v":203.63,"d":"203.6"},{"v":3771.5,"d":"3,771.5"},{"v":112201.55,"d":"112,201.6"}]
["Área com cultura perene","hectare",13,1.4,{"v":169.72,"d":"169.7"},{"v":1013.6,"d":"1,013.6"},{"v":2206.4,"d":"2,206.4"}]
["Área com cultura temporária","hectare",232,0.6,181.6,{"v":2202,"d":"2,202.0"},{"v":42131.49,"d":"42,131.5"}]
["Área com pastagem","hectare",468,0.9,{"v":122.49,"d":"122.5"},{"v":2514.5,"d":"2,514.5"},{"v":57324.84,"d":"57,324.8"}]
["Área com reflorestamento","hectare",5,9.6,{"v":16.58,"d":"16.6"},30.3,82.9]
["Área com vegetação natural","hectare",268,0.1,{"v":25.41,"d":"25.4"},{"v":455,"d":"455.0"},{"v":6810.38,"d":"6,810.4"}]
["Área com vegetação de brejo e várzea","hectare",203,0.2,11.7,{"v":240,"d":"240.0"},{"v":2374.81,"d":"2,374.8"}]
["Área em descanso","hectare",11,1.2,{"v":11.16,"d":"11.2"},62.6,122.8]
["Área complementar","hectare",427,{"v":0.09,"d":"0.1"},{"v":2.69,"d":"2.7"},91.6,{"v":1147.93,"d":"1,147.9"}]
["Área das UPAs com (0, 1] ha","hectare",9,0.5,{"v":0.94,"d":"0.9"},{"v":1,"d":"1.0"},8.5]
["Área das UPAs com (1, 2] ha","hectare",13,1.1,{"v":1.57,"d":"1.6"},{"v":2,"d":"2.0"},20.4]
["Área das UPAs com (2, 5] ha","hectare",30,2.4,{"v":3.51,"d":"3.5"},{"v":4.84,"d":"4.8"},{"v":105.26,"d":"105.3"}]
["Área das UPAs com (5, 10] ha","hectare",31,5.2,{"v":7.72,"d":"7.7"},{"v":10,"d":"10.0"},{"v":239.36,"d":"239.4"}]
["Área das UPAs com (10, 20] ha","hectare",53,10.2,{"v":14.16,"d":"14.2"},{"v":20,"d":"20.0"},750.3]
["Área das UPAs com (20, 50] ha","hectare",109,20.6,{"v":34,"d":"34.0"},{"v":50,"d":"50.0"},{"v":3705.5,"d":"3,705.5"}]
["Área das UPAs com (50, 100] ha","hectare",99,50.2,{"v":69.67,"d":"69.7"},{"v":100,"d":"100.0"},{"v":6897.79,"d":"6,897.8"}]
["Área das UPAs com (100, 200] ha","hectare",64,101.6,{"v":146.64,"d":"146.6"},198.4,{"v":9384.78,"d":"9,384.8"}]
["Área das UPAs com (200, 500] ha","hectare",85,200.9,{"v":307.83,"d":"307.8"},496.1,{"v":26165.46,"d":"26,165.5"}]
["Área das UPAs com (500, 1.000] ha","hectare",36,503.3,{"v":676.29,"d":"676.3"},970.6,{"v":24346.5,"d":"24,346.5"}]
["Área das UPAs com (1.000, 2.000] ha","hectare",15,{"v":1016.4,"d":"1,016.4"},{"v":1422.97,"d":"1,423.0"},{"v":1936,"d":"1,936.0"},{"v":21344.5,"d":"21,344.5"}]
["Área das UPAs com (2.000, 5.000] ha","hectare",7,{"v":2007.4,"d":"2,007.4"},{"v":2747.6,"d":"2,747.6"},{"v":3771.5,"d":"3,771.5"},{"v":19233.2,"d":"19,233.2"}]
["Área das UPAs com (5.000, 10.000] ha","hectare","-","-","-","-","-"]
["Área das UPAs acima de 10.000 ha","hectare","-","-","-","-","-"]
["Familiares do proprietário que trabalham na UPA","unidade",243,{"v":1,"d":"1.0"},{"v":1.53,"d":"1.5"},{"v":8,"d":"8.0"},{"v":373,"d":"373.0"}]
["Trabalhadores permanentes","unidade",215,{"v":1,"d":"1.0"},{"v":3.06,"d":"3.1"},{"v":115,"d":"115.0"},{"v":657,"d":"657.0"}]
["Fonte: Secretaria de Agricultura e Abastecimento, CDRS/IEA, Projeto LUPA."]
[]
["TABELA 531.2 - Explorações Animais, Município de Santo Antônio do Aracanguá, Estado de São Paulo, 2007/08."]
["ITEM","UNIDADE","N.DE UPAs","MÍNIMO","MÉDIO","MÁXIMO","TOTAL"]
["Apicultura","colmeias",1,{"v":3,"d":"3.0"},{"v":3,"d":"3.0"},{"v":3,"d":"3.0"},{"v":3,"d":"3.0"}]
["Asininos E Muares","cabeças",6,{"v":5,"d":"5.0"},{"v":9.67,"d":"9.7"},{"v":24,"d":"24.0"},{"v":58,"d":"58.0"}]
["Avicultura Ornamental/Decorativa/Exótica","cabeças",5,{"v":40,"d":"40.0"},{"v":84,"d":"84.0"},{"v":200,"d":"200.0"},{"v":420,"d":"420.0"}]
["Bovinocultura de Corte","cabeças",128,{"v":5,"d":"5.0"},{"v":334.62,"d":"334.6"},{"v":2151,"d":"2,151.0"},{"v":42831,"d":"42,831.0"}]
["Bovinocultura Leiteira","cabeças",86,{"v":1,"d":"1.0"},44.5,{"v":600,"d":"600.0"},{"v":3827,"d":"3,827.0"}]
["Bovinocultura Mista","cabeças",204,{"v":3,"d":"3.0"},{"v":153.75,"d":"153.8"},{"v":2848,"d":"2,848.0"},{"v":31365,"d":"31,365.0"}]
["Bubalinocultura","cabeças",2,{"v":30,"d":"30.0"},{"v":105,"d":"105.0"},{"v":180,"d":"180.0"},{"v":210,"d":"210.0"}]
["Caprinocultura","cabeças",1,{"v":100,"d":"100.0"},{"v":100,"d":"100.0"},{"v":100,"d":"100.0"},{"v":100,"d":"100.0"}]
["Carcinocultura","pós-larvas",1,{"v":5,"d":"5.0"},{"v":5,"d":"5.0"},{"v":5,"d":"5.0"},{"v":5,"d":"5.0"}]
["Equinocultura","cabeças",35,{"v":1,"d":"1.0"},{"v":27.29,"d":"27.3"},{"v":170,"d":"170.0"},{"v":955,"d":"955.0"}]
["Ovinocultura","cabeças",19,{"v":2,"d":"2.0"},{"v":54.95,"d":"55.0"},{"v":300,"d":"300.0"},{"v":1044,"d":"1,044.0"}]
["Piscicultura","m² tanques",2,{"v":10000,"d":"10,000.0"},{"v":55000,"d":"55,000.0"},{"v":100000,"d":"100,000.0"},{"v":110000,"d":"110,000.0"}]
["Suinocultura","cabeças",19,{"v":5,"d":"5.0"},{"v":17.89,"d":"17.9"},{"v":60,"d":"60.0"},{"v":340,"d":"340.0"}]
["Fonte: Secretaria de Agricultura e Abastecimento, CDRS/IEA, Projeto LUPA."]
[]
["TABELA 531.3 -  Máquinas, Implementos e Benfeitorias, Município de Santo Antônio do Aracanguá, Estado de São Paulo, 2007/08."]
["ITEM","UNIDADE","N.DE UPAs","MÍNIMO","MÉDIO","MÁXIMO","TOTAL"]
["Arado Comum (Bacia, Aiveca)","Unidade",135,{"v":1,"d":"1.0"},{"v":1.24,"d":"1.2"},{"v":4,"d":"4.0"},{"v":167,"d":"167.0"}]
["Arado Escarificador","Unidade",23,{"v":1,"d":"1.0"},{"v":1.17,"d":"1.2"},{"v":3,"d":"3.0"},{"v":27,"d":"27.0"}]
["Arado Subsolador","Unidade",26,{"v":1,"d":"1.0"},{"v":1.23,"d":"1.2"},{"v":3,"d":"3.0"},{"v":32,"d":"32.0"}]
["Batedeira de Cereais","Unidade",18,{"v":1,"d":"1.0"},{"v":1,"d":"1.0"},{"v":1,"d":"1.0"},{"v":18,"d":"18.0"}]
["Carregadeira de Cana","Unidade",3,{"v":1,"d":"1.0"},{"v":6,"d":"6.0"},{"v":16,"d":"16.0"},{"v":18,"d":"18.0"}]
["Colhedeira Acoplada","Unidade",5,{"v":1,"d":"1.0"},1.2,{"v":2,"d":"2.0"},{"v":6,"d":"6.0"}]
["Colhedeira Automotriz","Unidade",3,{"v":1,"d":"1.0"},{"v":1,"d":"1.0"},{"v":1,"d":"1.0"},{"v":3,"d":"3.0"}]
["Computador","Unidade",5,{"v":1,"d":"1.0"},{"v":1,"d":"1.0"},{"v":1,"d":"1.0"},{"v":5,"d":"5.0"}]
["Conj.Irrigação Autopropelido","Unidade",2,{"v":1,"d":"1.0"},{"v":1,"d":"1.0"},{"v":1,"d":"1.0"},{"v":2,"d":"2.0"}]
["Conj.Irrigação Convencional","Unidade",11,{"v":1,"d":"1.0"},{"v":1.55,"d":"1.6"},{"v":6,"d":"6.0"},{"v":17,"d":"17.0"}]
["Conj.Irrigação Pivot Central","Unidade",2,{"v":1,"d":"1.0"},{"v":1,"d":"1.0"},{"v":1,"d":"1.0"},{"v":2,"d":"2.0"}]
["Conj.Irrigação/Gotejamento/Microaspersão","Unidade",1,{"v":1,"d":"1.0"},{"v":1,"d":"1.0"},{"v":1,"d":"1.0"},{"v":1,"d":"1.0"}]
["Desintegrador, Picador, Triturador","Unidade",145,{"v":1,"d":"1.0"},{"v":1.11,"d":"1.1"},{"v":10,"d":"10.0"},{"v":161,"d":"161.0"}]
["Distribuidor de Calcário","Unidade",67,{"v":1,"d":"1.0"},{"v":1.15,"d":"1.2"},{"v":5,"d":"5.0"},{"v":77,"d":"77.0"}]
["Ensiladeira","Unidade",58,{"v":1,"d":"1.0"},{"v":1.12,"d":"1.1"},{"v":4,"d":"4.0"},{"v":65,"d":"65.0"}]
["Grade Aradora (Tipo Romi)","Unidade",107,{"v":1,"d":"1.0"},{"v":1.36,"d":"1.4"},{"v":18,"d":"18.0"},{"v":145,"d":"145.0"}]
["Grade Niveladora","Unidade",132,{"v":1,"d":"1.0"},{"v":1.23,"d":"1.2"},{"v":7,"d":"7.0"},{"v":162,"d":"162.0"}]
["Implementos para Tração Animal","Unidade",53,{"v":1,"d":"1.0"},{"v":1.09,"d":"1.1"},{"v":3,"d":"3.0"},{"v":58,"d":"58.0"}]
["Máquina de Classificar Frutas","Unidade",1,{"v":1,"d":"1.0"},{"v":1,"d":"1.0"},{"v":1,"d":"1.0"},{"v":1,"d":"1.0"}]
["Microtrator","Unidade",2,{"v":1,"d":"1.0"},{"v":1,"d":"1.0"},{"v":1,"d":"1.0"},{"v":2,"d":"2.0"}]
["Misturador de Ração","Unidade",20,{"v":1,"d":"1.0"},{"v":1,"d":"1.0"},{"v":1,"d":"1.0"},{"v":20,"d":"20.0"}]
["Ordenhadeira Mecânica","Unidade",33,{"v":1,"d":"1.0"},{"v":1.06,"d":"1.1"},{"v":3,"d":"3.0"},{"v":35,"d":"35.0"}]
["Pulverizador Tratorizado","Unidade",53,{"v":1,"d":"1.0"},1.3,{"v":12,"d":"12.0"},{"v":69,"d":"69.0"}]
["Resfriador de Leite, Tanque Expansão","Unidade",33,{"v":1,"d":"1.0"},{"v":1.03,"d":"1.0"},{"v":2,"d":"2.0"},{"v":34,"d":"34.0"}]
["Semeadeira/Adubadeira para Plantio Convencional","Unidade",62,{"v":1,"d":"1.0"},{"v":1.06,"d":"1.1"},{"v":3,"d":"3.0"},{"v":66,"d":"66.0"}]
["Semeadeira/Plantadeira Plantio Direto","Unidade",11,{"v":1,"d":"1.0"},{"v":1.09,"d":"1.1"},{"v":2,"d":"2.0"},{"v":12,"d":"12.0"}]
["Terraceador","Unidade",15,{"v":1,"d":"1.0"},{"v":1.13,"d":"1.1"},{"v":3,"d":"3.0"},{"v":17,"d":"17.0"}]
["Trator de Esteiras","Unidade",6,{"v":1,"d":"1.0"},1.5,{"v":4,"d":"4.0"},{"v":9,"d":"9.0"}]
["Trator de Pneus","Unidade",189,{"v":1,"d":"1.0"},{"v":1.99,"d":"2.0"},{"v":46,"d":"46.0"},{"v":376,"d":"376.0"}]
["Açude/Represa","Unidade",172,{"v":1,"d":"1.0"},{"v":2.15,"d":"2.2"},{"v":9,"d":"9.0"},{"v":370,"d":"370.0"}]
["Almoxarifado/Oficina","Unidade",29,{"v":1,"d":"1.0"},{"v":1,"d":"1.0"},{"v":1,"d":"1.0"},{"v":29,"d":"29.0"}]
["Armazém para Grãos Ensacados","Sacas",66,{"v":1,"d":"1.0"},{"v":1,"d":"1.0"},{"v":1,"d":"1.0"},{"v":66,"d":"66.0"}]
["Balança para Bovinos","Unidade",50,{"v":1,"d":"1.0"},{"v":1.06,"d":"1.1"},{"v":2,"d":"2.0"},{"v":53,"d":"53.0"}]
["Balança para Veículos","Unidade",4,{"v":1,"d":"1.0"},{"v":1,"d":"1.0"},{"v":1,"d":"1.0"},{"v":4,"d":"4.0"}]
["Barracão para Bicho da Seda/Sirgaria","Unidade",3,{"v":1,"d":"1.0"},{"v":1.33,"d":"1.3"},{"v":2,"d":"2.0"},{"v":4,"d":"4.0"}]
["Barracão/Galpão/Garagem","Unidade",165,{"v":1,"d":"1.0"},{"v":1.09,"d":"1.1"},{"v":3,"d":"3.0"},{"v":180,"d":"180.0"}]
["Biodigestor","Unidade",2,{"v":1,"d":"1.0"},{"v":2,"d":"2.0"},{"v":3,"d":"3.0"},{"v":4,"d":"4.0"}]
["Casa de Moradia Habitada","Unidade",375,{"v":1,"d":"1.0"},{"v":1.74,"d":"1.7"},{"v":25,"d":"25.0"},{"v":652,"d":"652.0"}]
["Casa de Moradia Total","Unidade",376,{"v":1,"d":"1.0"},{"v":2.27,"d":"2.3"},{"v":36,"d":"36.0"},{"v":855,"d":"855.0"}]
["Curral/Mangueira","Unidade",352,{"v":1,"d":"1.0"},{"v":1.05,"d":"1.1"},{"v":5,"d":"5.0"},{"v":371,"d":"371.0"}]
["Depósito/Tulha","Unidade",160,{"v":1,"d":"1.0"},{"v":1.11,"d":"1.1"},{"v":7,"d":"7.0"},{"v":177,"d":"177.0"}]
["Estábulo","Unidade",14,{"v":1,"d":"1.0"},{"v":1.43,"d":"1.4"},{"v":6,"d":"6.0"},{"v":20,"d":"20.0"}]
["Fábrica de Ração","Unidade",7,{"v":1,"d":"1.0"},{"v":1,"d":"1.0"},{"v":1,"d":"1.0"},{"v":7,"d":"7.0"}]
["Instalações para Equinos","Unidade",7,{"v":1,"d":"1.0"},{"v":1,"d":"1.0"},{"v":1,"d":"1.0"},{"v":7,"d":"7.0"}]
["Máquina de Benefício","Unidade",1,{"v":2,"d":"2.0"},{"v":2,"d":"2.0"},{"v":2,"d":"2.0"},{"v":2,"d":"2.0"}]
["Pocilga","Unidade",53,{"v":1,"d":"1.0"},{"v":2.06,"d":"2.1"},{"v":20,"d":"20.0"},{"v":109,"d":"109.0"}]
["Poço Semi-Artesiano","Unidade",169,{"v":1,"d":"1.0"},{"v":1.07,"d":"1.1"},{"v":3,"d":"3.0"},{"v":181,"d":"181.0"}]
["Silo para Silagem","t",16,{"v":1,"d":"1.0"},{"v":31.13,"d":"31.1"},{"v":300,"d":"300.0"},{"v":498,"d":"498.0"}]
["Terreiro","m²",2,{"v":1,"d":"1.0"},{"v":1,"d":"1.0"},{"v":1,"d":"1.0"},{"v":2,"d":"2.0"}]
["Usina de Açúcar/destilaria","Unidade",1,{"v":1,"d":"1.0"},{"v":1,"d":"1.0"},{"v":1,"d":"1.0"},{"v":1,"d":"1.0"}]
["Fonte: Secretaria de Agricultura e Abastecimento, CDRS/IEA, Projeto LUPA."]
[]
["TABELA 531.4 - Outras Estatísticas Agrícolas, Município de Santo Antônio do Aracanguá, Estado de São Paulo, 2007/08."]
["ITEM","Número de UPAs",null,"Percentual"]
["Faz Parte de Associação de Produtores",80,null,{"v":14.519056261343012,"d":"14.5"}]
["Faz Parte de Cooperativa de Produtores",149,null,{"v":27.04174228675136,"d":"27.0"}]
["Faz Parte do Sindicato de Produtores",152,null,{"v":27.586206896551726,"d":"27.6"}]
["Não utiliza assistência técnica ",457,null,{"v":82.94010889292196,"d":"82.9"}]
["Utiliza somente assistência técnica governamental ",56,null,{"v":10.163339382940109,"d":"10.2"}]
["Utiliza somente assistência técnica privada ",20,null,{"v":3.629764065335753,"d":"3.6"}]
["Utiliza assistência técnica tanto governamental quanto privada",18,null,{"v":3.266787658802178,"d":"3.3"}]
["Utiliza Crédito Rural",93,null,{"v":16.878402903811253,"d":"16.9"}]
["Utiliza Seguro Rural",17,null,{"v":3.0852994555353903,"d":"3.1"}]
["Utiliza Escrituração Agrícola",268,null,{"v":48.63883847549909,"d":"48.6"}]
["Acessa Internet p/ Fins na Agropecuária",67,null,{"v":12.159709618874773,"d":"12.2"}]
["Utiliza Computador nas Atividades Agropecuárias",55,null,{"v":9.981851179673322,"d":"10.0"}]
["Utiliza Energia Elétrica Para Uso na Atividade Agrícola",457,null,{"v":82.94010889292196,"d":"82.9"}]
["Realiza Análise de Solo, quando necessário",322,null,{"v":58.439201451905625,"d":"58.4"}]
["Utiliza Práticas de Conservação de Solo, quando necessário",375,null,{"v":68.05807622504537,"d":"68.1"}]
["Faz Adubação Mineral, quando necessário",207,null,{"v":37.56805807622504,"d":"37.6"}]
["Faz Adubação Orgânica, quando necessário",85,null,{"v":15.426497277676951,"d":"15.4"}]
["Faz Adubação Verde, quando necessário",17,null,{"v":3.0852994555353903,"d":"3.1"}]
["Utiliza Manejo Integrado de Pragas (MIP)",3,null,{"v":0.544464609800363,"d":"0.5"}]
["Utiliza Hidroponia","-",null,"-"]
["Utiliza Plasticultura","-",null,"-"]
["Utiliza Mudas Fiscalizadas",48,null,{"v":8.711433756805807,"d":"8.7"}]
["Utiliza Semente Melhorada",71,null,{"v":12.885662431941924,"d":"12.9"}]
["Faz Confinamento de Bovinos",24,null,{"v":4.355716878402904,"d":"4.4"}]
["Utiliza Pastejo Intensivo",132,null,{"v":23.956442831215973,"d":"24.0"}]
["Faz Inseminação Artificial",21,null,{"v":3.8112522686025407,"d":"3.8"}]
["Faz Mineralização do Rebanho",317,null,{"v":57.531760435571684,"d":"57.5"}]
["Faz Vermifugação do Rebanho",328,null,{"v":59.528130671506354,"d":"59.5"}]
["Possui Parceiros /Arrendatários na Exploração Animal",135,null,{"v":24.50090744101633,"d":"24.5"}]
["Esporte e lazer",3,null,{"v":0.544464609800363,"d":"0.5"}]
["Extração mineral",1,null,{"v":0.18148820326678766,"d":"0.2"}]
["Hotel Fazenda, Pousada ou SPA",1,null,{"v":0.18148820326678766,"d":"0.2"}]
["Pesque-pague","-",null,"-"]
["Restaurante ou Lanchonete","-",null,"-"]
["Transformação artesanal","-",null,"-"]
["Turismo rural ou ecoturismo","-",null,"-"]
["Outras atividades econômicas rurais",2,null,{"v":0.3629764065335753,"d":"0.4"}]
["Agroindústria","-",null,"-"]
["Proprietário sem instrução ou com instrução incompleta",48,null,{"v":8.711433756805807,"d":"8.7"}]
["Proprietário com antigo primário completo",143,null,{"v":25.952813067150633,"d":"26.0"}]
["Proprietário com 1° grau (ou antigo ginasial) completo",53,null,{"v":9.618874773139746,"d":"9.6"}]
["Proprietário com 2° grau (ou antigo colegial) completo",129,null,{"v":23.41197822141561,"d":"23.4"}]
["Proprietário com curso superior completo ",164,null,{"v":29.764065335753177,"d":"29.8"}]
["Pessoa Jurídica",14,null,{"v":2.5408348457350276,"d":"2.5"}]
["Proprietário residente na própria UPA ",133,null,{"v":24.137931034482758,"d":"24.1"}]
["Fonte: Secretaria de Agricultura e Abastecimento, CDRS/IEA, Projeto LUPA."]
[]
["TABELA 531.5 - Área Cultivada, Município de Santo Antônio do Aracanguá, Estado de São Paulo, 2007/08."]
["CULTURA","N.DE UPAs","MÍNIMO","MÉDIO","MÁXIMO","TOTAL"]
["Braquiaria",467,0.9,{"v":118.23,"d":"118.2"},{"v":2514.5,"d":"2,514.5"},{"v":55211.34,"d":"55,211.3"}]
["Cana-de-acucar",222,0.6,{"v":186.75,"d":"186.8"},{"v":2202,"d":"2,202.0"},{"v":41459.25,"d":"41,459.3"}]
["Coloniao",8,43.3,{"v":264.19,"d":"264.2"},{"v":700,"d":"700.0"},{"v":2113.5,"d":"2,113.5"}]
["Laranja",2,{"v":626,"d":"626.0"},{"v":813,"d":"813.0"},{"v":1000,"d":"1,000.0"},{"v":1626,"d":"1,626.0"}]
["Seringueira",8,4.8,{"v":64.96,"d":"65.0"},193.6,519.7]
["Milho",10,{"v":6.05,"d":"6.1"},{"v":45.13,"d":"45.1"},{"v":300,"d":"300.0"},{"v":451.25,"d":"451.3"}]
["Feijao",1,239.6,239.6,239.6,239.6]
["Eucalipto",4,9.6,{"v":17.35,"d":"17.4"},30.3,69.4]
["Coco-da-baia",2,20.7,{"v":22.85,"d":"22.9"},{"v":25,"d":"25.0"},45.7]
["Tomate rasteiro",1,16.9,16.9,16.9,16.9]
["Tangerina",1,13.6,13.6,13.6,13.6]
["Outras florestais",1,13.5,13.5,13.5,13.5]
["Quiabo",1,9.6,9.6,9.6,9.6]
["Outros viveiros",1,{"v":3,"d":"3.0"},{"v":3,"d":"3.0"},{"v":3,"d":"3.0"},{"v":3,"d":"3.0"}]
["Berinjela",1,2.9,2.9,2.9,2.9]
["Maxixe (ou pepino-das-antilhas)",1,{"v":2,"d":"2.0"},{"v":2,"d":"2.0"},{"v":2,"d":"2.0"},{"v":2,"d":"2.0"}]
["Cafe",1,1.4,1.4,1.4,1.4]
["Fonte: Secretaria de Agricultura e Abastecimento, CDRS/IEA, Projeto LUPA."]